Personnes avec le Dalaï-Lama Quiz - Statistiques

Statistiques générales
  • Ce quiz a été pris 21 fois
  • Le résultat moyen est 3 sur 12
Statistiques - réponses
Par images Réponse % Correct
Barrack Obama
100%
Mao Zedong/Panchen Lama
71%
George W. Bush
57%
Richard Gere
38%
George H. W. Bush
19%
Nancy Pelosi
19%
Desmond Tutu
14%
Whoopi Goldberg
14%
Jamling Norgay
5%
Paul Ryan
5%
Donald Wuerl
0%
Marc S. Ellenbogen
0%
Aucun quiz correspondant
Distribution des résultats
% des personnes avec chaque résultat
Percentile par nombre de réponses
Votre historique - résultats
Vous n’avez pas pris ce quiz